| 000 | 00962nas a2200301 4500 | ||
|---|---|---|---|
| 001 | BR2012003463 | ||
| 003 | BR-BrBNA | ||
| 005 | 20231205120538.0 | ||
| 007 | ta | ||
| 008 | 230509b bl.|||p| |||| 00| 00por d | ||
| 040 |
_aBR-BrBNA _bpor _cBiblioteca Nacional de Agricultura |
||
| 041 | _a(Pt) | ||
| 072 | _aF61 | ||
| 100 | 1 | _aBoeger, M.R. | |
| 100 | 1 | _aWisniewski, C. | |
| 245 | 1 | _aEstrutura e teores de nutrientes foliares de seis espécies arbóreas ao longo de um gradiente sucessional da planície litorânea do estado do Paraná, Brasil | |
| 650 | _aANATOMIA VEGETAL | ||
| 650 | _aFLORESTA | ||
| 650 | _aMYRTACEAE | ||
| 650 | _aLAURACEAE | ||
| 650 | _aTHEACEAE | ||
| 650 | _aGUTTIFERAE | ||
| 650 | _aVALOR NUTRITIVO | ||
| 650 | _aANÁLISE FOLIAR | ||
| 773 | 0 |
_tIheringia. Série Botânica (Brazil) _xISSN 0073-4705 _g(Jul-Dec 2002), v. 57(2) p. 243-262 _wBR2012003463 |
|
| 909 |
_a202311 _bLúcia _c55 _dLúcia Elande |
||
| 942 |
_2AGRIS _n0 _cANA |
||
| 999 |
_c219053 _d219053 |
||